Email, goldschmiede und metallarbeiten (Record no. 7786)
[ view plain ]
| 000 -CABECERA | |
|---|---|
| campo de control de longitud fija | 00652nam a2200205 a 4500 |
| 001 - NÚMERO DE CONTROL | |
| campo de control | BRCA_8118 |
| 005 - FECHA Y HORA DE LA ÚLTIMA TRANSACCIÓN | |
| campo de control | 20190320210135.0 |
| 008 - DATOS DE LONGITUD FIJA--INFORMACIÓN GENERAL | |
| campo de control de longitud fija | 090414s1965----sz-a###f##---#001-0#ger-# |
| 041 ## - CÓDIGO DE LENGUA | |
| Código de lengua del texto/banda sonora o título independiente | ger |
| 044 ## - CÓDIGO DEL PAÍS DE LA ENTIDAD EDITORA/PRODUCTORA | |
| Código MARC del país | sz |
| 050 #4 - SIGNATURA TOPOGRÁFICA DE LA BIBLIOTECA DEL CONGRESO | |
| Número de clasificación | NK5004 |
| Número de documento/Ítem | .EM53 |
| -- | 1965 |
| 245 10 - MENCIÓN DE TÍTULO | |
| Título | Email, goldschmiede und metallarbeiten |
| Resto del título | europaisches mittelalter |
| Mención de responsabilidad, etc. | Sammlung E. und M. Koefler-Truniger Luzern. |
| 260 ## - PUBLICACIÓN, DISTRIBUCIÓN, ETC. | |
| Lugar de publicación, distribución, etc. | Stuttgart (Alemania) |
| Nombre del editor, distribuidor, etc. | Räber |
| Fecha de publicación, distribución, etc. | 1965 |
| 300 ## - DESCRIPCIÓN FÍSICA | |
| Extensión | 55 p. |
| Otras características físicas | il., (algunas a color) 92 láminas |
| Dimensiones | 31 cm. |
| 500 ## - NOTA GENERAL | |
| Nota general | Y182 |
| 650 14 - PUNTO DE ACCESO ADICIONAL DE MATERIA--TÉRMINO DE MATERIA | |
| Término de materia o nombre geográfico como elemento de entrada | Esmaltes |
| Subdivisión geográfica | Europa |
| 9 (RLIN) | 20212 |
| 650 14 - PUNTO DE ACCESO ADICIONAL DE MATERIA--TÉRMINO DE MATERIA | |
| Término de materia o nombre geográfico como elemento de entrada | Orfebrería |
| Subdivisión de forma | Coleccionistas y colecciones |
| Subdivisión geográfica | Europa |
| 9 (RLIN) | 20213 |
| 902 ## - CATALOGADOR | |
| Iniciales | GFM |
| 942 ## - ELEMENTOS DE PUNTO DE ACCESO ADICIONAL (KOHA) | |
| Fuente del sistema de clasificación o colocación | Library of Congress Classification |
| Tipo de ítem Koha | Libros |
| Estado de retiro | Estado de pérdida | Estado dañado | No para préstamo | Localización permanente | Ubicación/localización actual | Fecha de adquisición | Número de inventario | Total de préstamos | Signatura topográfica completa | Código de barras | Fecha visto por última vez | Precio válido a partir de | Tipo de ítem Koha |
|---|---|---|---|---|---|---|---|---|---|---|---|---|---|
| El ejemplar forma parte de la colección y puede ser consultado según las políticas vigentes. | Biblioteca del Museo Franz Mayer (Rogerio Casas-Alatriste) | Biblioteca del Museo Franz Mayer (Rogerio Casas-Alatriste) | 09/04/2014 | Y182 | NK5004 .EM53 1965 (Y182) | 8742 | 22/03/2019 | 22/03/2019 | Libros |